| 000 | 00340nam a2200145Ia 4500 | ||
|---|---|---|---|
| 008 | 230917s9999||||xx |||||||||||||| ||und|| | ||
| 040 |
_e88823 _aMAIN |
||
| 041 | _aEnglish | ||
| 082 | _a970.01 C912D | ||
| 100 | _aCumming, W P | ||
| 245 | 0 | _aDiscovery of north America | |
| 260 |
_aLondon _bElek _c1971 |
||
| 300 | _a304 p. | ||
| 942 | _cBK | ||
| 999 |
_c216478 _d216478 |
||